000 00316nam a2200133 i 4500
001 bg
100 1 _aSTELMASZEK, Janina
245 0 _aDyfuzja cieczy w polimerach /
_cJanina Stelmaszek.
260 _aWrocław,
_c1976.
040 _cBPK
041 _apol
942 _cKS
008 s pl f |000 0 pol
999 _c27311
_d27311
856 _uhttp://koha.tu.koszalin.pl/cgi-bin/koha/opac-detail.pl?biblionumber=27311
_yKatalog online BPK